000 00556nam a2200169 i 4500
001 22205
003 ES-MaACL
005 20250721063429.0
007 t|
008 021129s1936 sp ||||1| spa d
100 1 _aAlfonso, Eduardo,
_d1896-1991
_919848
245 1 3 _aEl Egipto misterioso
_b: Exégesis de su vida, historia, filosofía, misterios e iniciaciones /
_cpor Eduardo Alfonso.
260 _aMadrid :
_bBergua,
_c1936 (
_fSèz Hermanos)
300 _a251 p., 10 lám. ;
_c19 cm.
852 _aES-MaACL
_jA-4031
999 _c22205
_d22205